000 00555nam a22001937a 4500
005 20171208151542.0
010 _aENG-121815
020 _a9789380559407
_c450.00
035 _aEN-105347
037 _bDBAD/PUB
082 _a346.54043
100 _aLakshmanrao, Narayan
245 _aReal estate deals /
_cby Narayan Laxmanrao
260 _aHyderabad
_bAsia Law House
_c2010
270 _aOpp. High Court Hyd-2,
_bHyderabad
_e95
300 _axxxi,432p
_c24cm(pbk)
500 _aIncludes index
942 _2ddc
_cEN
_h346.54043
_mLAK
999 _c147932
_d147932